000 00470nam a2200181Ia 4500
005 20250326142816.0
008 250326s9999 xx 000 0 und d
037 _aTextbook
040 _aFMSL
_beng
_cFMSL
041 _aeng
_2eng
084 _aX:51 M3
_qFMSL
100 _aLevitt T
_9739555
245 0 _aMarketing imagination
_cLevitt T
260 _aThe
_bThe, free press
_c1983
300 _a218p
942 _cTB
_hX:51 M3
999 _c1296728
_d1296728